<?xml version="1.0" encoding="UTF-8"?>
<collection xmlns="http://www.loc.gov/MARC21/slim">
<record>
  <controlfield tag="001">6523</controlfield>
  <controlfield tag="005">20231116113525.0</controlfield>
  <datafield tag="037" ind1=" " ind2=" ">
    <subfield code="a">POSTER-2023-0046</subfield>
  </datafield>
  <datafield tag="100" ind1=" " ind2=" ">
    <subfield code="a">Deshpande, Ketaki</subfield>
  </datafield>
  <datafield tag="245" ind1=" " ind2=" ">
    <subfield code="a">Coronal Plasma Density Mapping through Radio and In-Situ Observations, and Modeling with EUHFORIA</subfield>
  </datafield>
  <datafield tag="260" ind1=" " ind2=" ">
    <subfield code="c">2023</subfield>
  </datafield>
  <datafield tag="269" ind1=" " ind2=" ">
    <subfield code="c">2023-11-20</subfield>
  </datafield>
  <datafield tag="520" ind1=" " ind2=" ">
    <subfield code="a">Mapping coronal plasma characteristics from the Sun to Earth is challenging due to limited in-situ observations closer to the Sun and the need for accurately combining and often intercalibration of ground and space-based data. As the accuracy of coronal wind models relies heavily on plasma parameters, it is absolutely necessary to improve and validate these models for better forecasting of solar eruptive events. Our study addresses these challenges by utilizing novel in-situ observations from the Parker Solar Probe (PSP) and Solar Orbiter (SolO), which provide valuable measurements close to the Sun for validating remote sensing observations and modeling outcomes. We focus on type III radio bursts, signatures of fast electron beams traveling along the open or quasi-open magnetic field lines. We first employ ground based imaging Nancay observations for estimation of radio source positions in two-dimensional space. We combine ground based data with the space-based observations carried out by the STEREO and WIND spacecraft, which provide also goniopolarimetric measurements. A radio triangulation method allows us to estimate radio source positions in three-dimensional space, and through. Using the relation between electron density and plasma frequency we estimate the electron densities of the ambient plasma. The obtained radio source positions at different frequencies, i.e. distances from the Sun enable us to derive density profiles along the propagation path of the radio burst. We employ EUHFORIA (EUropean Heliospheric FORecasting Information Asset), a space weather modeling tool to obtain plasma densities at spacecraft and at the radio source positions. We compare our results from radio and in-situ observations with the modeling outcomes. The primary findings reveal significant differences in densities obtained by the two different methods. The density modeled at the PSP positions is generally underestimated in comparison with the in-situ observations. Employing the larger source surface radii (2.9 and 3.0 Rs) in the coronal model of EUHFORIA decreased the discrepancy between the obtained results.</subfield>
  </datafield>
  <datafield tag="536" ind1=" " ind2=" ">
    <subfield code="a">ROB PhD Grant/</subfield>
    <subfield code="c">ROB PhD Grant/</subfield>
    <subfield code="f">ROB PhD Grant</subfield>
  </datafield>
  <datafield tag="594" ind1=" " ind2=" ">
    <subfield code="a">STCE</subfield>
  </datafield>
  <datafield tag="653" ind1="1" ind2=" ">
    <subfield code="a">Type III radio bursts, Radio Triangulation, Parker Solar Probe, Density</subfield>
  </datafield>
  <datafield tag="700" ind1=" " ind2=" ">
    <subfield code="a">Magdalenic, Jasmina</subfield>
  </datafield>
  <datafield tag="700" ind1=" " ind2=" ">
    <subfield code="a">Jebaraj, Immanuel Christopher</subfield>
  </datafield>
  <datafield tag="700" ind1=" " ind2=" ">
    <subfield code="a">Krupar, Vratislav</subfield>
  </datafield>
  <datafield tag="773" ind1=" " ind2=" ">
    <subfield code="t">European Space Weather Week (ESWW) 2023</subfield>
  </datafield>
  <datafield tag="856" ind1="0" ind2=" ">
    <subfield code="f">ketaki.deshpande@ksb-orb.be</subfield>
  </datafield>
  <datafield tag="856" ind1="4" ind2=" ">
    <subfield code="s">1062651</subfield>
    <subfield code="u">http://publi2-as.oma.be/record/6523/files/Ketaki_ESWW_2023_Poster.pdf</subfield>
  </datafield>
  <datafield tag="856" ind1="4" ind2=" ">
    <subfield code="s">21791</subfield>
    <subfield code="u">http://publi2-as.oma.be/record/6523/files/Ketaki_ESWW_2023_Poster.jpg?subformat=icon-180</subfield>
    <subfield code="x">icon-180</subfield>
  </datafield>
  <datafield tag="856" ind1="4" ind2=" ">
    <subfield code="s">22282</subfield>
    <subfield code="u">http://publi2-as.oma.be/record/6523/files/Ketaki_ESWW_2023_Poster.gif?subformat=icon</subfield>
    <subfield code="x">icon</subfield>
  </datafield>
  <datafield tag="980" ind1=" " ind2=" ">
    <subfield code="a">CPOSTER</subfield>
  </datafield>
</record>
</collection>